Письма. Исторические сочинения

Bibliographic Details
Main Author: Бриген А. Ф. Александр Федорович
Other Authors: Тальская О. С. (составитель), Муравьев А. М. (художник), Росси П. де (П. О.) Пьетро де (Петр Осипович), Бестужев Н. А. Николай Александрович
Summary:Авт. указан на корешке
На пер. загл. не указано
В комментарии даны краткие биографические сведения о лицах, упомянутых в тексте
На обл. портрет А. Ф. Бригена работы П. О. Росси. На фронтисписе портрет А. Ф. Бригена работы Н. А. Бестужева.
Language:Russian
Published: Иркутск, Восточно-Сибирское кн. изд-во, 1986
Series:Полярная звезда
Subjects:
Format: MixedMaterials Book
KOHA link:https://koha.lib.tpu.ru/cgi-bin/koha/opac-detail.pl?biblionumber=107648

MARC

LEADER 00000nam0a2200000 4500
001 107648
005 20231201105911.0
035 |a (RuTPU)RU\TPU\book\116211 
090 |a 107648 
100 |a 20061227d1986 m y0rusy50 ca 
101 0 |a rus 
102 |a RU 
105 |a ac z 001zd 
200 1 |a Письма. Исторические сочинения  |f А. Ф. Бриген  |g издание подготовлено О. С. Тальской; худ. серии А. М. Муравьев; худ. П. де (П. О.) Росси, Н. А. Бестужев 
210 |a Иркутск  |c Восточно-Сибирское кн. изд-во  |d 1986 
215 |a 576 с.  |c ил.  |d 20,5 см. 
225 1 |a Полярная звезда 
300 |a Авт. указан на корешке 
300 |a На пер. загл. не указано 
300 |a В комментарии даны краткие биографические сведения о лицах, упомянутых в тексте 
300 |a На обл. портрет А. Ф. Бригена работы П. О. Росси. На фронтисписе портрет А. Ф. Бригена работы Н. А. Бестужева. 
320 |a Комментарий: с. 458-548 
320 |a Перечень утерянных и необнаруженных писем А. Ф. Бригена: с. 549-550 
320 |a Список сокращений: с. 551 
320 |a Указатель писем по адресатам: с. 552 
320 |a Список иллюстраций: с. 553 
320 |a Указатель имен: с. 554-569 
320 |a Постраничные примечания. 
600 1 |a Бриген  |b А. Ф., фон дер  |c декабрист  |c масон  |f 1792-1859  |g Александр Федорович  |2 stltpush  |3 (RuTPU)RU\TPU\pers\18763  |9 7018 
606 1 |a Декабристы  |9 81899 
610 1 |a Россия 
610 1 |a история 
610 1 |a 19 век 
610 1 |a Восстание декабристов 
610 1 |a персоналии 
610 1 |a письма 
686 |a Т3(2)521-425  |2 rubbk 
700 1 |a Бриген  |b А. Ф.  |c писатель  |c декабрист  |f 1792-1859  |g Александр Федорович  |3 (RuTPU)RU\TPU\pers\18763  |4 070 
702 1 |a Тальская  |b О. С.  |4 220 
702 1 |a Муравьев  |b А. М.  |4 040 
702 1 |a Росси  |b П. де (П. О.)  |c русский миниатюрист  |c академик  |f 1761 (1765)-1831  |g Пьетро де (Петр Осипович)  |3 (RuTPU)RU\TPU\pers\16657  |4 040 
702 1 |a Бестужев  |b Н. А.  |c декабрист  |c капитан-лейтенант  |c художник и литератор  |f 1791-1855  |g Николай Александрович  |3 (RuTPU)RU\TPU\pers\12668  |4 040  |9 3608 
801 1 |a RU  |b 63413507  |c 20061227  |g PSBO 
801 2 |a RU  |b 63413507  |c 20121114  |g PSBO 
942 |c BK